Welcome to CU Library Online Public Access Catalogue (OPAC)

Understanding prejudice and discrimination / (Record no. 2999)

MARC details
000 -LEADER
fixed length control field 01235cam a22002774a 4500
001 - CONTROL NUMBER
control field 12789495
005 - DATE AND TIME OF LATEST TRANSACTION
control field 20250124121345.0
008 - FIXED-LENGTH DATA ELEMENTS--GENERAL INFORMATION
fixed length control field 020528s2003 maua b 001 0 eng
020 ## - INTERNATIONAL STANDARD BOOK NUMBER
International Standard Book Number 0072554436 (acidfree paper)
050 00 - LIBRARY OF CONGRESS CALL NUMBER
Classification number HM1091
Item number .U53 2003
082 00 - DEWEY DECIMAL CLASSIFICATION NUMBER
Classification number 303.3/85
Edition information 21
245 00 - TITLE STATEMENT
Title Understanding prejudice and discrimination /
Statement of responsibility, etc. edited by Scott Plous.
260 ## - PUBLICATION, DISTRIBUTION, ETC.
Place of publication, distribution, etc. Boston :
Name of publisher, distributor, etc. McGraw-Hill,
Date of publication, distribution, etc. c2003.
300 ## - PHYSICAL DESCRIPTION
Extent xiii, 609 p. :
Other physical details ill. ;
Dimensions 23 cm.
500 ## - GENERAL NOTE
General note A compilation of readings from a broad range of scholarly disciplines, most edited, adapted, or revised for this anthology and several never published before.
500 ## - GENERAL NOTE
General note The text is supported by a variety of instructional materials, including a web site offering interactive exercises and demonstrations, streaming video clips, and other resources.
650 #0 - SUBJECT ADDED ENTRY--TOPICAL TERM
Topical term or geographic name entry element Prejudices.
650 #0 - SUBJECT ADDED ENTRY--TOPICAL TERM
Topical term or geographic name entry element Racism.
650 #0 - SUBJECT ADDED ENTRY--TOPICAL TERM
Topical term or geographic name entry element Discrimination.
650 #0 - SUBJECT ADDED ENTRY--TOPICAL TERM
Topical term or geographic name entry element Stereotypes (Social psychology)
650 #0 - SUBJECT ADDED ENTRY--TOPICAL TERM
Topical term or geographic name entry element Toleration
General subdivision Study and teaching.
700 1# - ADDED ENTRY--PERSONAL NAME
Personal name Plous, Scott.
856 41 - ELECTRONIC LOCATION AND ACCESS
Materials specified Table of contents
Uniform Resource Identifier <a href="http://www.loc.gov/catdir/toc/mh031/2002071946.html">http://www.loc.gov/catdir/toc/mh031/2002071946.html</a>
856 42 - ELECTRONIC LOCATION AND ACCESS
Materials specified Publisher description
Uniform Resource Identifier <a href="http://www.loc.gov/catdir/description/mh024/2002071946.html">http://www.loc.gov/catdir/description/mh024/2002071946.html</a>
942 ## - ADDED ENTRY ELEMENTS (KOHA)
Source of classification or shelving scheme Library of Congress Classification
Koha item type Books
Suppress in OPAC No
999 ## -
-- 2999
-- 2999
Holdings
Withdrawn status Lost status Source of classification or shelving scheme Damaged status Not for loan Collection Home library Current library Shelving location Date acquired Total checkouts Full call number Barcode Date last seen Copy number Price effective from Koha item type
    Library of Congress Classification     Non-fiction Undergraduate Library (Christ Temple) Undergraduate Library (Christ Temple) General stacks 01/24/2025   HM1091.U53 UND ulct00000916 01/24/2025 1 01/24/2025 Books
© 2023-2024 Copyright: Central University Libraries. All Rights Reserved | Created by: Mahone Tech Office